000 00215nam a22000857a 4500
008 170130b xxu||||| |||| 00| 0 eng d
100 _92669
_aNCERT
245 _aFlamingo English Book-XII
260 _aNew Delhi
_bNCERT
_c2009
999 _c5825
_d5825